Strategies for high performance organizations : (Record no. 5127)
[ view plain ]
| 000 -LEADER | |
|---|---|
| fixed length control field | 01262cam a2200277 a 4500 |
| 001 - CONTROL NUMBER | |
| control field | 1196908 |
| 005 - DATE AND TIME OF LATEST TRANSACTION | |
| control field | 20250324104525.0 |
| 008 - FIXED-LENGTH DATA ELEMENTS--GENERAL INFORMATION | |
| fixed length control field | 980603s1998 caua b 000 0 eng |
| 020 ## - INTERNATIONAL STANDARD BOOK NUMBER | |
| International Standard Book Number | 0787943975 (pbk. : alk. paper) |
| 050 00 - LIBRARY OF CONGRESS CALL NUMBER | |
| Classification number | HD5660.U5 |
| Item number | L385 1998 |
| 082 00 - DEWEY DECIMAL CLASSIFICATION NUMBER | |
| Classification number | 658.4 |
| Edition information | 21 |
| 100 1# - MAIN ENTRY--PERSONAL NAME | |
| Personal name | Lawler, Edward E. |
| 245 10 - TITLE STATEMENT | |
| Title | Strategies for high performance organizations : |
| Remainder of title | the CEO report : employee involvement, TQM, and reengineering programs in Fortune 1000 corporations / |
| Statement of responsibility, etc. | Edward E. Lawler, with Susan Albers Mohrman and Gerald E. Ledford. |
| 250 ## - EDITION STATEMENT | |
| Edition statement | 1st ed. |
| 260 ## - PUBLICATION, DISTRIBUTION, ETC. | |
| Place of publication, distribution, etc. | San Francisco : |
| Name of publisher, distributor, etc. | Jossey-Bass Publishers, |
| Date of publication, distribution, etc. | c1998. |
| 300 ## - PHYSICAL DESCRIPTION | |
| Extent | xxii, 233 p. : |
| Other physical details | ill. ; |
| Dimensions | 28 cm. |
| 650 #0 - SUBJECT ADDED ENTRY--TOPICAL TERM | |
| Topical term or geographic name entry element | Management |
| General subdivision | Employee participation |
| Geographic subdivision | United States. |
| 650 #0 - SUBJECT ADDED ENTRY--TOPICAL TERM | |
| Topical term or geographic name entry element | Total quality management |
| Geographic subdivision | United States. |
| 650 #0 - SUBJECT ADDED ENTRY--TOPICAL TERM | |
| Topical term or geographic name entry element | Reengineering (Management) |
| Geographic subdivision | United States. |
| 700 1# - ADDED ENTRY--PERSONAL NAME | |
| Personal name | Mohrman, Susan Albers. |
| 700 1# - ADDED ENTRY--PERSONAL NAME | |
| Personal name | Ledford, Gerald E. |
| 856 7# - ELECTRONIC LOCATION AND ACCESS | |
| Materials specified | Table of contents only |
| Uniform Resource Identifier | <a href="http://lcweb.loc.gov/catdir/toc/98-8555.html">http://lcweb.loc.gov/catdir/toc/98-8555.html</a> |
| Access method | http |
| 856 42 - ELECTRONIC LOCATION AND ACCESS | |
| Materials specified | Contributor biographical information |
| Uniform Resource Identifier | <a href="http://www.loc.gov/catdir/enhancements/fy0607/98008555-b.html">http://www.loc.gov/catdir/enhancements/fy0607/98008555-b.html</a> |
| 856 42 - ELECTRONIC LOCATION AND ACCESS | |
| Materials specified | Publisher description |
| Uniform Resource Identifier | <a href="http://www.loc.gov/catdir/enhancements/fy0607/98008555-d.html">http://www.loc.gov/catdir/enhancements/fy0607/98008555-d.html</a> |
| 942 ## - ADDED ENTRY ELEMENTS (KOHA) | |
| Source of classification or shelving scheme | Library of Congress Classification |
| Koha item type | Books |
| Suppress in OPAC | No |
| 999 ## - | |
| -- | 5127 |
| -- | 5127 |
| Withdrawn status | Lost status | Source of classification or shelving scheme | Damaged status | Not for loan | Collection | Home library | Current library | Shelving location | Date acquired | Total checkouts | Full call number | Barcode | Date last seen | Copy number | Price effective from | Koha item type |
|---|---|---|---|---|---|---|---|---|---|---|---|---|---|---|---|---|
| Library of Congress Classification | Non-fiction | Undergraduate Library (Christ Temple) | Undergraduate Library (Christ Temple) | General stacks | 03/24/2025 | HD660.U5 LAW | ulct00001919 | 03/24/2025 | 1 | 03/24/2025 | Books |